000
00198 a2200097 4500
001
41278
100
_a
Anderson W
245
_a
pathfinders
260
_a
London
_b
Jarrolds
_c
090
_c
25481
_d
25481
942
_a
NUST-CAE
_c
M
_c
17204
999
_c
276351
_d
276351